书目信息 |
| 题名: |
青年心理问答
|
|
| 作者: | 李呜皋 , 王树茂 , 叶晓林 著 | |
| 分册: | ||
| 出版信息: | 沈阳 辽宁人民出版社 1985 |
|
| 页数: | 203页 | |
| 开本: | 19cm | |
| 丛书名: | ||
| 单 册: | ||
| 中图分类: | B844.2 , B84 | |
| 科图分类: | ||
| 主题词: | 青少年心理学 , 心理学 | |
| 电子资源: | ||
| ISBN: | ||
| 000 | 00700nam0 2200277 45 | |
| 001 | 1239615458 | |
| 005 | 20120928110143.78 | |
| 010 | @dCNY0.92 | |
| 091 | @aCN@b2090.66 | |
| 100 | @a19900921d1985 em y0chiy0121 ea | |
| 101 | 0 | @achi |
| 102 | @aCN@b210000 | |
| 105 | @ay z 000yy | |
| 200 | 10 | @a青年心理问答@Aqing nian xin li wen da@f李呜皋等著 |
| 210 | @a沈阳@c辽宁人民出版社@d1985 | |
| 215 | @a203页@d19cm | |
| 606 | 0 | @a青少年心理学 |
| 606 | 0 | @a心理学 |
| 690 | @aB844.2@v3 | |
| 690 | @aB84@v4 | |
| 701 | 0 | @a李呜皋@Ali wu gao@4著 |
| 701 | 0 | @a王树茂@Awang shu mao@4著 |
| 701 | 0 | @a叶晓林@Aye xiao lin@4著 |
| 801 | 0 | @aCN@bTSSF |
| 801 | 2 | @aCN@bNLC |
| 905 | @a10447@dB84@eJY10 | |
| 青年心理问答/李呜皋等著.-沈阳:辽宁人民出版社,1985 |
| 203页;19cm |
| ISBN :CNY0.92 |
| ● |
| 相关链接 |
|
|
|
|
正题名:青年心理问答
索取号:B84/JY10
 
预约/预借
| 序号 | 登录号 | 条形码 | 馆藏地/架位号 | 状态 | 备注 |
| 1 | 7830039 | 278300394 | 学院路分馆/ [索取号:B84/JY10] | 在馆 | |
| 2 | 7830040 | 278300401 | 学院路分馆/ [索取号:B84/JY10] | 在馆 |